000 00869cam a22002777a 4500
003 CHAP
005 20220329134402.0
008 971013s r 00010 d
010 _a19738
011 _a20710
035 _a24798
040 _cCHAP
090 _aR-194
100 0 0 _aAnderson, Edgar.
_95573
245 1 4 _aThe hindrance gene recombination imposed by linkage
_b: an estimate of its total magnitude
500 _aSobretiro de : American Naturalist 73:185-188, 1939
590 _aBATCH-UPD
_b10
_c20130110
_lUCH01
_h0236
590 _aBATCH-UPD
_b10
_c20130110
_lUCH01
_h1816
590 _aBATCH-UPD
_b10
_c20130409
_lUCH01
_h2302
590 _aBATCH-UPD
_b10
_c20130914
_lUCH01
_h0327
590 _aCONVERSION
_b10
_c20130109
_lUCH01
_h1312
650 1 4 _aGenética.
_947469
901 _aBK
942 _cREIMP
949 _aR-194
_bBC
_cR
_d-57227
_eTS1
_i24798
_si
999 _c19738
_d19738